| 000 | 004120000a22001690004500 | ||
|---|---|---|---|
| 003 | MACL | ||
| 005 | 20160110133013.0 | ||
| 008 | 160110b xxu||||| |||| 00| 0 eng d | ||
| 040 |
_aMACL _cMACL |
||
| 041 | _aEnglish | ||
| 082 | _a910/CAI | ||
| 100 |
_aCaine, W S _930916 |
||
| 245 | _aPicturesque India | ||
| 260 |
_bGeorge Routledge & Sons Ltd _aLondon |
||
| 650 |
_aTravel _930917 |
||
| 942 |
_cBK _k910/CAI _2ddc |
||
| 999 |
_c37326 _d37326 |
||